<?xml version="1.0" encoding="UTF-8"?><marc:collection xmlns:marc="http://www.loc.gov/MARC21/slim">
  <marc:record>
    <marc:leader>00000nam  2200000za 4500</marc:leader>
    <marc:controlfield tag="001">9.856125</marc:controlfield>
    <marc:controlfield tag="003">CaOODSP</marc:controlfield>
    <marc:controlfield tag="005">20221107155451</marc:controlfield>
    <marc:controlfield tag="007">cr |||||||||||</marc:controlfield>
    <marc:controlfield tag="008">180503s2018    onc    #o    f|0| 0 eng d</marc:controlfield>
    <marc:datafield tag="040" ind1=" " ind2=" ">
      <marc:subfield code="a">CaOODSP</marc:subfield>
      <marc:subfield code="b">eng</marc:subfield>
    </marc:datafield>
    <marc:datafield tag="043" ind1=" " ind2=" ">
      <marc:subfield code="a">n-cn---</marc:subfield>
    </marc:datafield>
    <marc:datafield tag="086" ind1="1" ind2=" ">
      <marc:subfield code="a">XC16-1/1-421-45E-PDF</marc:subfield>
    </marc:datafield>
    <marc:datafield tag="110" ind1="1" ind2=" ">
      <marc:subfield code="a">Canada. </marc:subfield>
      <marc:subfield code="b">Parliament. </marc:subfield>
      <marc:subfield code="b">House of Commons. </marc:subfield>
      <marc:subfield code="b">Standing Committee on Public Accounts.</marc:subfield>
    </marc:datafield>
    <marc:datafield tag="245" ind1="1" ind2="0">
      <marc:subfield code="a">Report 4, Oral health programs for First Nations and Inuit—Health Canada, of the Fall 2017 reports of the Auditor General of Canada </marc:subfield>
      <marc:subfield code="h">[electronic resource] /</marc:subfield>
      <marc:subfield code="c">Hon. Kevin Sorenson, chair.</marc:subfield>
    </marc:datafield>
    <marc:datafield tag="260" ind1=" " ind2=" ">
      <marc:subfield code="a">[Ottawa] : </marc:subfield>
      <marc:subfield code="b">House of Commons, </marc:subfield>
      <marc:subfield code="c">2018.</marc:subfield>
    </marc:datafield>
    <marc:datafield tag="300" ind1=" " ind2=" ">
      <marc:subfield code="a">v, 21 p.</marc:subfield>
    </marc:datafield>
    <marc:datafield tag="490" ind1="1" ind2=" ">
      <marc:subfield code="a">Report of the Standing Committee on Public Accounts ; </marc:subfield>
      <marc:subfield code="v">45th report, 42nd Parliament, 1st session</marc:subfield>
    </marc:datafield>
    <marc:datafield tag="500" ind1=" " ind2=" ">
      <marc:subfield code="a">Issued also in French under title: Rapport 4, Les programmes de santé buccodentaire pour les Premières Nations et les Inuit — Santé Canada, des Rapports de l’automne 2017 du vérificateur général du Canada.</marc:subfield>
    </marc:datafield>
    <marc:datafield tag="500" ind1=" " ind2=" ">
      <marc:subfield code="a">"May 2018."</marc:subfield>
    </marc:datafield>
    <marc:datafield tag="500" ind1=" " ind2=" ">
      <marc:subfield code="a">Original published on: 2018/05/03; published on: 2018/05/17.</marc:subfield>
    </marc:datafield>
    <marc:datafield tag="504" ind1=" " ind2=" ">
      <marc:subfield code="a">Includes bibliographic references.</marc:subfield>
    </marc:datafield>
    <marc:datafield tag="692" ind1="0" ind2="7">
      <marc:subfield code="2">gccst</marc:subfield>
      <marc:subfield code="a">Audit</marc:subfield>
    </marc:datafield>
    <marc:datafield tag="692" ind1="0" ind2="7">
      <marc:subfield code="2">gccst</marc:subfield>
      <marc:subfield code="a">Oral health</marc:subfield>
    </marc:datafield>
    <marc:datafield tag="692" ind1="0" ind2="7">
      <marc:subfield code="2">gccst</marc:subfield>
      <marc:subfield code="a">Inuit</marc:subfield>
    </marc:datafield>
    <marc:datafield tag="692" ind1="0" ind2="7">
      <marc:subfield code="2">gccst</marc:subfield>
      <marc:subfield code="a">Aboriginal peoples</marc:subfield>
    </marc:datafield>
    <marc:datafield tag="700" ind1="1" ind2=" ">
      <marc:subfield code="a">Sorenson, Kevin.</marc:subfield>
    </marc:datafield>
    <marc:datafield tag="775" ind1="0" ind2="8">
      <marc:subfield code="t">Rapport 4, Les programmes de santé buccodentaire pour les Premières Nations et les Inuit —Santé Canada, des Rapports de l’automne 2017 du vérificateur général du Canada </marc:subfield>
      <marc:subfield code="w">(CaOODSP)9.856128</marc:subfield>
    </marc:datafield>
    <marc:datafield tag="830" ind1="#" ind2="0">
      <marc:subfield code="a">Report of the Standing Committee on Public Accounts ;</marc:subfield>
      <marc:subfield code="v">45th report, 42nd Parliament, 1st session</marc:subfield>
      <marc:subfield code="w">(CaOODSP)9.505304</marc:subfield>
    </marc:datafield>
    <marc:datafield tag="856" ind1="4" ind2="0">
      <marc:subfield code="q">PDF</marc:subfield>
      <marc:subfield code="s">2.62 MB</marc:subfield>
      <marc:subfield code="u">https://publications.gc.ca/collections/collection_2018/parl/xc16-1/XC16-1-1-421-45-eng.pdf</marc:subfield>
    </marc:datafield>
  </marc:record>
</marc:collection>
